| 000 | 01342nam a2200193 a 4500 | ||
|---|---|---|---|
| 008 | 120416s1983 ||||||||||||||||| || u | ||
| 050 | _aQA 76.8.A663 Mia | ||
| 100 | _aMiastkowski, Stan | ||
| 245 | 1 | 4 | _aThe Osborne/McGraw-Hill guide to your APPLE III |
| 260 |
_aBerkeley _bOsborne/McGraw-Hill _c1983 |
||
| 300 | _axii, 276p. : ill. | ||
| 350 | _a0.00 | ||
| 995 |
_D0.00 _FCBU-MAIN LIBRARY (Kitwe) _H7 _I17.95 _M3 _UAVAILABLE _ZAnnex Low-Usage Collection |
||
| 995 |
_D0.00 _FCBU-MAIN LIBRARY (Kitwe) _H6 _I17.95 _M4 _UAVAILABLE _ZAnnex Low-Usage Collection |
||
| 995 |
_D0.00 _FCBU-MAIN LIBRARY (Kitwe) _H3 _I17.95 _M2 _UAVAILABLE _ZAnnex Low-Usage Collection |
||
| 995 |
_D0.00 _FCBU-MAIN LIBRARY (Kitwe) _H2 _I17.95 _UAVAILABLE _ZAnnex Low-Usage Collection |
||
| 995 |
_D0.00 _FCBU-MAIN LIBRARY (Kitwe) _H5 _I17.95 _M1 _UAVAILABLE _ZAnnex Low-Usage Collection |
||
| 995 |
_D0.00 _FCBU-MAIN LIBRARY (Kitwe) _H4 _I17.95 _UAVAILABLE _ZAnnex Low-Usage Collection |
||
| 999 |
_c81701 _d81701 |
||